<?xml version="1.0" encoding="UTF-8"?>
<record
    xmlns:xsi="http://www.w3.org/2001/XMLSchema-instance"
    xsi:schemaLocation="http://www.loc.gov/MARC21/slim http://www.loc.gov/standards/marcxml/schema/MARC21slim.xsd"
    xmlns="http://www.loc.gov/MARC21/slim">

  <leader>01195nam a22003015i 4500</leader>
  <datafield tag="999" ind1=" " ind2=" ">
    <subfield code="c">7344</subfield>
    <subfield code="d">7344</subfield>
  </datafield>
  <controlfield tag="001">.b74977532</controlfield>
  <controlfield tag="003">OSt</controlfield>
  <controlfield tag="005">20210423104613.0</controlfield>
  <controlfield tag="008">210208e202012  spc||||| |||| 00| 0bcat|c</controlfield>
  <datafield tag="017" ind1=" " ind2=" ">
    <subfield code="a">DL B 12436-2020</subfield>
    <subfield code="b">Biblioteca de Catalunya</subfield>
  </datafield>
  <datafield tag="020" ind1=" " ind2=" ">
    <subfield code="a">9788417804527</subfield>
    <subfield code="q">(Ara Llibres)</subfield>
  </datafield>
  <datafield tag="020" ind1=" " ind2=" ">
    <subfield code="a">9788478228829</subfield>
    <subfield code="q">(Instituci&#xF3; Alfons el Magn&#xE0;nim)</subfield>
  </datafield>
  <datafield tag="040" ind1=" " ind2=" ">
    <subfield code="a">ES-GiUDG</subfield>
    <subfield code="b">cat</subfield>
    <subfield code="e">rda</subfield>
    <subfield code="c">ES-GiUDG</subfield>
  </datafield>
  <datafield tag="100" ind1="1" ind2=" ">
    <subfield code="a">Tormo, Jordi,</subfield>
    <subfield code="d">1979- </subfield>
    <subfield code="e">autor</subfield>
  </datafield>
  <datafield tag="245" ind1="1" ind2="0">
    <subfield code="a">Isabel-Clara Sim&#xF3; :</subfield>
    <subfield code="b">una veu lliure i compromesa /</subfield>
    <subfield code="c">Jordi Tormo i Santonja ; pr&#xF2;leg de N&#xFA;ria Cadenes</subfield>
  </datafield>
  <datafield tag="250" ind1=" " ind2=" ">
    <subfield code="a">Primera edici&#xF3;</subfield>
  </datafield>
  <datafield tag="264" ind1=" " ind2="1">
    <subfield code="a">Barcelona :</subfield>
    <subfield code="b">Ara Llibres ;</subfield>
    <subfield code="a">Val&#xE8;ncia :</subfield>
    <subfield code="b">Instituci&#xF3; Alfons el Magn&#xE0;nim Centre Valenci&#xE0; d'Estudis i Investigaci&#xF3;,</subfield>
    <subfield code="c">desembre del 2020</subfield>
  </datafield>
  <datafield tag="300" ind1=" " ind2=" ">
    <subfield code="a">220 p&#xE0;gines ;</subfield>
    <subfield code="c">23 cm</subfield>
  </datafield>
  <datafield tag="336" ind1=" " ind2=" ">
    <subfield code="a">text</subfield>
    <subfield code="b">txt</subfield>
    <subfield code="2">rdacontent</subfield>
  </datafield>
  <datafield tag="337" ind1=" " ind2=" ">
    <subfield code="a">sense mediaci&#xF3;</subfield>
    <subfield code="b">n</subfield>
    <subfield code="2">rdamedia</subfield>
  </datafield>
  <datafield tag="338" ind1=" " ind2=" ">
    <subfield code="a">volum</subfield>
    <subfield code="b">nc</subfield>
    <subfield code="2">rdacarrier</subfield>
  </datafield>
  <datafield tag="600" ind1="1" ind2="7">
    <subfield code="a">Sim&#xF3;, Isabel-Clara,</subfield>
    <subfield code="d">1943-2020</subfield>
    <subfield code="2">lemac</subfield>
  </datafield>
  <datafield tag="650" ind1=" " ind2="7">
    <subfield code="a">Escriptores catalanes</subfield>
    <subfield code="y">S. XX</subfield>
    <subfield code="2">lemac</subfield>
  </datafield>
  <datafield tag="700" ind1="1" ind2=" ">
    <subfield code="a">Cadenes, N&#xFA;ria,</subfield>
    <subfield code="d">1970- </subfield>
    <subfield code="e">escriptor d'un pr&#xF2;leg</subfield>
  </datafield>
  <datafield tag="907" ind1=" " ind2=" ">
    <subfield code="a">.b74977532</subfield>
    <subfield code="b">10-02-21</subfield>
    <subfield code="c">08-02-21</subfield>
    <subfield code="d">08-02-21</subfield>
    <subfield code="e">m</subfield>
    <subfield code="f">a  </subfield>
    <subfield code="g">-</subfield>
    <subfield code="h">cat</subfield>
    <subfield code="i">spc</subfield>
    <subfield code="j">0</subfield>
    <subfield code="k">0</subfield>
  </datafield>
  <datafield tag="940" ind1=" " ind2=" ">
    <subfield code="a">UdG</subfield>
  </datafield>
  <datafield tag="942" ind1=" " ind2=" ">
    <subfield code="2">udc</subfield>
    <subfield code="c">MON</subfield>
  </datafield>
  <datafield tag="952" ind1=" " ind2=" ">
    <subfield code="0">0</subfield>
    <subfield code="1">0</subfield>
    <subfield code="4">0</subfield>
    <subfield code="7">0</subfield>
    <subfield code="a">CDMR</subfield>
    <subfield code="b">CDMR</subfield>
    <subfield code="d">2021-04-23</subfield>
    <subfield code="e">Intercanvi</subfield>
    <subfield code="g">19.00</subfield>
    <subfield code="l">1</subfield>
    <subfield code="o">Du 1/157</subfield>
    <subfield code="p">CDMR21040021</subfield>
    <subfield code="r">2021-07-06</subfield>
    <subfield code="s">2021-06-15</subfield>
    <subfield code="w">2021-04-23</subfield>
    <subfield code="y">MON</subfield>
  </datafield>
</record>
